00719nam a2200241 u 450000100070000000500170000700800410002403500110006504000130007604100080008908000060009710000430010324500560014626000230020265000430022565000320026865000250030065000320032565000320035777300590038994200120044899900170046015896820240201125811.0971216s1957 ||||||m| spa  a158968 ccomduadb aspa aT10aCano Miranda, Hernan4auteaut932331910aEstudio medico-sociologico del municipio de tamesis aMedellín,c1957. aTámesis (Antioquia, Colombia)919135 aCisneros (Antioquia)920847 aMedicina rural93235 aSaneamiento básico936680 7aSalud pública2dcs9320160 tTesis Facultad de Medicina U. de A. 389w158958077284 cBOOKn0 c74197d74197